000 00331nam a2200121Ia 4500
005 20260328104314.0
008 260328s9999||||xx |||||||||||||| ||und||
100 _aMignucci, Andrés
245 0 _aArquitectura Contemporánea en Puerto Rico 1976-1992. /
_cAndrés Mignucci
300 _a159 p.
650 _aPUERTO RICO
942 _cBK
999 _c11087
_d11087